000 00668nam a2200217Ia 4500
001 19668
003 DO-CoUTE
005 20260204212539.0
008 220104s9999 dr 000 0 spa d
040 _aDO-CoUTE
_bspa
_cDO-CoUTE
041 0 _aspa
082 _a634.773 B425c
100 1 _aBelalcazar Carvajal, Sylvio L.
245 1 0 _aEl cultivo del plátano en el trópico:manual de asistencia técnica número 50 / Sylvio L. Belalcazar Carvajal
260 _aColombia:Instituto Colombiano Agropecuario
300 _a376 páginas
650 4 _aPlátano-cultivo
942 _2ddc
_cBK
999 _c20295
_d20295